äußere Struktur des menschlichen Körpers latein>deutsch - Statistiken

Allgemein
  • Dieses Quiz wurde 222 mal gespielt
  • Das Durchschnittsergebnis liegt bei 9 aus 16
Antwortstatistiken
latein deutsch % Korrekt
caput Kopf
83%
manus Hand
77%
abdomen Bauch
75%
pes Fuß
70%
femur Oberschenkel
65%
ulna Elle
64%
patella Kniescheibe
63%
thorax Brustkorb
60%
radius Speiche
58%
tibia Schienbein
55%
collum Hals
53%
humerus Oberarm
53%
pelvis Becken
47%
fibula Wadenbein
40%
crus Unterschenkel
35%
truncus Rumpf
16%
Keine übereinstimmenden Quizze gefunden
Verteilung der Resultate
Anzahl Personen mit jedem Resultat
Perzentil nach korrekt beantworteten Fragen
Ihre Resultats-Entwicklung
Sie haben dieses Quiz noch nicht gespielt